Alexis de Tocqueville Arthur Gobineau-hoz intézett leveleiből

Elmentve itt :
Bibliográfiai részletek
További közreműködők: Ádám Péter
Gobineau, A.
Tocqueville, A.
Adatforrás:Philobibl
Forrásdokumentuma:Holmi
23.2011:8. p. 1038-1046.
Dokumentumtípus: Cikk
Nyelv:magyar
Kulcsszavak:zsidókérdés
fajelmélet
társadalomelmélet
Online elérés:szabadon hozzáférhető
LEADER 00594nab a2200169 c 4500
001 bibPHI0044253
005 20240717144730.5
008 130218s2011 hu hun
245 0 0 |a Alexis de Tocqueville Arthur Gobineau-hoz intézett leveleiből  |c [ford. Ádám Péter] 
695 |a zsidókérdés 
695 |a fajelmélet 
695 |a társadalomelmélet 
700 1 |a Ádám Péter 
700 1 |a Gobineau, A. 
700 1 |a Tocqueville, A. 
773 0 |t Holmi  |g 23.2011:8. p. 1038-1046. 
856 4 1 |3 Full text  |u https://epa.oszk.hu/01000/01050/00092/pdf/holmi_2011_08_1038-1046.pdf  |z szabadon hozzáférhető